000 00308nam a22001457a 4500
003 SGT
020 _a978-1-60406-398-1
082 _a617.8
_bR13R
100 _aROESER,ROSS J.
245 _aROESER'S AUDIOLOGY DESK REFERENCE
250 _a2ND
260 _bTHIEME
_c2013
300 _a434
942 _2ddc
_cBK
999 _c17976
_d17976